Miasta w Polsce z komunikacją tramwajową - Statystyki

Ogólne statystyki
  • Ten quiz został rozwiązany 34 razy
  • Średni wynik to 20 z 26
Statystyki odpowiedzi
Nazwa miasta % Poprawnych
Bydgoszcz
97%
Kraków
97%
Toruń
97%
Warszawa
97%
Gdańsk
94%
Katowice
94%
Olsztyn
94%
Poznań
94%
Szczecin
94%
Wrocław
94%
Łódź
90%
Sosnowiec
90%
Bytom
81%
Częstochowa
81%
Chorzów
77%
Gliwice
74%
Zabrze
74%
Gorzów Wielkopolski
71%
Elbląg
68%
Dąbrowa Górnicza
61%
Ruda Śląska
61%
Będzin
48%
Mysłowice
48%
Siemianowice Śląskie
48%
Czeladź
45%
Grudziądz
45%
Nie znaleziono quizów pasujących do podanych kryteriów
Rozkład punktacji
Procent ludzi z każdym wynikiem
Percentyl według liczby udzielonych odpowiedzi
Twoja historia wyników
Nie rozwiązałeś tego quizu